000 03518nam a22003854i 4500
001 991061742329706706
003 ES-BaIT
005 20260507151042.0
008 260430s2025 spcao|||r|||||00| 0dcat|c
017 _aDL B. 22194-2025
_bBiblioteca de Catalunya
020 _a9788409788651
_q(Rústica)
040 _aES-TaURV
_bcat
_erda
_cES-TaURV
100 1 _aCalduch Ramos, Lluís
_eentrevistat
_9169446
245 1 0 _aEmocions en dansa :
_bconverses amb Lluís Calduch Ramos /
_cJosep Maria Fuentes Ros
264 1 _aBarcelona :
_bEsbart Ciutat Comtal,
_c2025
300 _a297 pàgines :
_bil·lustracions, fotografies en color ;
_c21 cm
336 _atext
_btxt
_2rdacontent
337 _asense mediació
_bn
_2rdamedia
338 _avolum
_bnc
_2rdacarrier
490 1 _aCreació en la dansa d'arrel
504 _aÍndexs onomàstic, de col·lectius i d'arranjaments i coreografies
505 8 _a1981-1995: Dels inicis al ball francès ; Danses de l'Ebre ; Variacions d'Alentorn ; Ball de valencians ; Bolero de Castelló ; Ball de Rams d'Hostafrancs, Pola d'Hostafrancs --- 1995-1998: Quartet ; Viatge ; La marxa ; Veu i moviment , Temporània ; Sortilegis -- 1998-2004: La memòria dels cargols ; Tocs de cobla ;Tonades de Balancí ; De mica en mica ; Bolero de Torreblanca ; Una follia de La Franja ; Històries de Catalunya ; Aniversari de Cotxeres, Casinet ; Som de mar, Terrena -- 2005-2010: Laberint ; Des d'ara ; Fragments d'estima ; Cants i danses del Llibre vermell de Montserrat ; Alè d'esperança ; Trackonze ; Comte Arnau ;Homenatge al mestre Toldrà -- 2012-2016: Vals per un amic, Dansa per a una rosa ; Eulàlia, la poesia de la història de Santa Eulàlia ; Clavellinera ; Òrbit ; Coses de Palamós -- 2019-2023: Balla ; Vida i miracles d'una ginestera ; Trenta-vuitè batec ; Segum bategant ; De dansaire a director ; L'esbart, generador de vida, emocions i sentiments ; De dansa i de vida ; Nomenclàtor
520 _a"El llibre recull gairebé trenta hores de converses entre Josep Maria Fuentes i Lluís Calduch Ramos, figura clau en la renovació de la dansa catalana d’arrel. A través d’aquest diàleg profund, l’obra ofereix una mirada íntima i documentada sobre la creació coreogràfica, la relació amb la música i el vestuari, la posada en escena i el paper de la dansa com a expressió de la identitat col·lectiva.Emocions en dansa és, alhora, una reflexió sobre el paper dels esbarts dansaires en la societat contemporània i un homenatge al treball col·lectiu i la passió de generacions que han mantingut viva la cultura popular. A la vegada, l’obra posa en valor el recorregut creatiu de Calduch i el vincula amb la tasca de l’Esbart Ciutat Comtal —fundat el 1959—, entitat referent que ha sabut conjugar la tradició i la recerca escènica, guardonada amb la Medalla d’Honor de la Ciutat de Barcelona i el Premi Ciutat de Barcelona (2013 i 2024)" -- onallibres.cat
600 1 7 _aCalduch Ramos, Lluís
_xIntervius
_2lemac
_9169447
610 2 7 _aEsbart Ciutat Comtal
_xHistòria
_2lemac
_9124597
650 7 _aEsbarts
_zCatalunya
_zBarcelona
_2lemac
_9169448
650 4 _aCoreògrafs de danses populars i nacionals
_zCatalunya
_9169449
650 7 _aDanses populars i nacionals catalanes
_956631
_vlemac
700 1 _aFuentes Ros, Josep
_eentrevistador
_9169450
710 2 _aEsbart Ciutat Comtal
_eentitat editora
_9124601
830 0 _aCreació en la dansa d'arrel
_v1
_9169451
908 _aURV
_aBMON
_aCDMAE
940 _aURV
942 _2udc
_c1
999 _c137436
_d137436